00258nam a2200121Ia 4500008004100000100000900041245001500050260002900065300000800094650001000102942000700112999001700119190216s9999||||xx |||||||||||||| ||und|| aNull 0aHindi-Karm bMac Millian And Com. Ltd a138 aHindi cBK c16011d16011